Relacje między polskimi i niemieckimi urbanonimami na przykładzie nazewnictwa wrocławskich obiektów miejskich

Titel: Relacje między polskimi i niemieckimi urbanonimami na przykładzie nazewnictwa wrocławskich obiektów miejskich / Małgorzata Budzińska
Verfasser:
In: Wrocławskie Towarzystwo Naukowe. Komisja Językowa: Rozprawy Komisji Językowej, Band 39 (2012), Seite 163-178
alle Artikel anzeigen
Veröffentlicht: 2012
Format: Aufsatz
Sprache: Polnisch
Kein Bild verfügbar
X
alg: 34077949
001A    $04505:30-05-14 
001B    $01999:27-06-19 $t23:22:35.000 
001C    $04505:30-05-14 $t13:02:20.000 
001D    $04505:30-05-14 
001U    $0utf8 
001X    $00 
002@    $0Aou 
003@    $0340779497 
007A    $0340779497 $aHEB 
010@    $apol 
011@    $a2012 
021A    $aRelacje między polskimi i niemieckimi urbanonimami na przykładzie nazewnictwa wrocławskich obiektów miejskich $hMałgorzata Budzińska 
028A    $7 $8Budzińska, Małgorzata [Tnu] $9340779373 
031A    $d39 $h163-178 $j2012 
039B    $aIn $8--Abvc--Wrocławskie Towarzystwo Naukowe$bKomisja Językowa [Tb1]. Rozprawy Komisji Językowej. - Wrocław {[u.a.] : Państw. Wydawn. Naukowe, 1959-2015. - ISSN 0084-2990 $x201200000390000837 $9047286199 
045T    $a7,11 $a7,39 
045T    $aLING $qDE-30 $2FID 
045W    $801.01.01$jDeutsch [Tkv] $9133070158 
045W    $801.07.10$jPolnisch [Tkv] $9133118894 
045W    $803.17.09$jNamen$vSprachwandel [Tkv] $9133094561 
045W    $804.07.06.003$jStrassennamen [Tkv] $9133124568 
045W    $804.07.02$jPersonennamen [Tkv] $9133073726 
045W    $804.07.06$jOrtsnamen [Tkv] $9133073769 
045W    $803.25.02.017.06$jVorkommenshäufigkeit$vonom. [Tkv] $9133127958 

lok: 34077949 64

exp: 34077949 64 1 #EPN
201B/01 $030-05-14 $t13:02:20.000 
201C/01 $030-05-14 
201U/01 $0utf8 
203@/01 $0732611431 
208@/01 $a30-05-14 $be 
209A/01 $a0 $f000 $x00 
209B/01 $a40 $x05 
247C/01 $8Frankfurt, Bibliographie Linguistischer Literatur $9129368261 

lok: 34077949 78

exp: 34077949 78 1 #EPN
201B/01 $027-06-19 $t09:55:55.000 
201C/01 $027-06-19 
201U/01 $0utf8 
203@/01 $01054368198 
208@/01 $a27-06-19 $be 
209A/01 $a/ $f000 $x00 
209A/01 $ab*p $x01 
220C/01 $aeja 
244Z/01 $#Generalgouvernement Polen $#Polska $#Rzeczpospolita Polska $#Polska Rzeczpospolita Ludowa $#Poland $#Pologne $#République Polonaise $#Generalne Gubernatorstwo w Polsce $#Polish People's Republic $#Polska Rzeczpospolita Polen $#PRL $#RP $#Polen Generalgouvernement $#Polska Generalgouvernement $#Besetzte Polnische Gebiete $#Besetztes Gebiet in Polen $#Okupowane Polskie Obszary $#Obszary Okupowane w Polsce $#Volksrepublik Polen $#Polska Rosyjska $#Republic Polen $#Respublika Pol'ša $#Pol'skaja Narodnaja Respublika $#République de Pologne $#Polen Links der Weichsel $#Polska po Lewej Stronie Wisły $#Lenkija $#Polija $#Gubernija Carstva Pol'skago $#Republik Polen $74046496-9 $8--Tg1--Polen $x01 $9085129801 
244Z/01 $#Schlesien $#Schlesien $#Herzogtum Schlesien $#Herzogtum Schlesien Schlesien $#Provinz Schlesien $#Śla̜sk $#Slezsko $#Silesia $74052678-1 $8--Tg1--Schlesien $x02 $9085146781 
247C/01 $82080>Marburg/Lahn, Herder-Institut, Forschungsbibliothek, Bibliographieportal $9336309341
LEADER 00000caa a2200000 c 4500
001 340779497
003 DE-603
005 20190627232235.0
007 tu
008 140530s2012 xx |||| | u00||u|pol c
035 |a (DE-599)HEB340779497 
040 |a DE-603  |b ger  |c DE-603  |d DE-603 
041 |a pol 
084 |a 7,11  |a 7,39  |2 ssgn 
084 |a LING  |q DE-30  |2 fid 
100 1 |a Budzińska, Małgorzata  |0 (DE-603)340779373 
245 0 0 |a Relacje między polskimi i niemieckimi urbanonimami na przykładzie nazewnictwa wrocławskich obiektów miejskich  |c Małgorzata Budzińska 
264 0 |c 2012 
773 0 8 |i In  |a Wrocławskie Towarzystwo Naukowe. Komisja Językowa  |t Rozprawy Komisji Językowej  |d Wrocław ˜[u.a.] œ: Państw. Wydawn. Naukowe, 1959-2015  |x 0084-2990  |g Band 39 (2012), Seite 163-178  |w (DE-603)047286199  |w (DE-600)205639-2 
924 0 |9 603  |a (DE-603)732611431  |b DE-603  |c HES  |d d 
924 0 |9 2080  |a (DE-603)1054368198  |b DE-2080  |c HES  |d d  |g /